Historias insólitas del fútbol : (Registro nro. 16339)
[ vista simple ]
| 000 -CABECERA | |
|---|---|
| Campo de control de longitud fija | 00689nam a22002055i 4500 |
| 001 - NÚMERO DE CONTROL | |
| Campo de control | BNC01000000000000001254074 |
| 003 - IDENTIFICADOR DEL NÚMERO DE CONTROL | |
| Campo de control | CL-SaCFP |
| 005 - FECHA Y HORA DE LA ÚLTIMA TRANSACCIÓN | |
| Campo de control | 20260227091907.0 |
| 008 - CÓDIGOS DE INFORMACIÓN DE LONGITUD FIJA | |
| Campo de control de longitud fija | 260108s 000 0 spa |
| 015 ## - NÚMERO DE BIBLIOGRAFÍA NACIONAL | |
| Número de bibliografía nacional | cl-2025-xxxx |
| Fuente | bcl |
| 040 ## - FUENTE DE LA CATALOGACIÓN | |
| Centro catalogador de origen | clsabn |
| Lengua de catalogación | spa |
| Centro transcriptor | clsabn |
| Normas de descripción | rda |
| 099 ## - LOCAL FREE-TEXT CALL NUMBER (OCLC) | |
| Classification number | sec/20260108 |
| 100 1# - PUNTO DE ACCESO PRINCIPAL - NOMBRE DE PERSONA | |
| Nombre de persona | Wernicke, Luciano |
| 245 10 - MENCIÓN DE TÍTULO | |
| Título | Historias insólitas del fútbol : |
| Resto del título | curiosidades y casos increíbles del futbol mundial / |
| Mención de responsabilidad etc. | Luciano Wernicke. |
| 250 ## - MENCIÓN DE EDICIÓN | |
| Mención de edición | Primera edición chilena : julio 2025. |
| 264 1# - PRODUCTION, PUBLICATION, DISTRIBUTION, MANUFACTURE, AND COPYRIGHT NOTICE | |
| Lugar de producción publicación distribución fabricación | [Chile] : |
| Nombre del de productor editor distribuidor fabricante | Tejero Ediciones, |
| Fecha de de producción publicación distribución fabricación o copyright | 2025. |
| 264 3# - PRODUCTION, PUBLICATION, DISTRIBUTION, MANUFACTURE, AND COPYRIGHT NOTICE | |
| Lugar de producción publicación distribución fabricación | Santiago, Chile : |
| Nombre del de productor editor distribuidor fabricante | a Impresores, |
| Fecha de de producción publicación distribución fabricación o copyright | 2025. |
| 300 ## - DESCRIPCIÓN FÍSICA | |
| Extensión | 268 páginas ; |
| Dimensiones | 21 cm. |
| 942 ## - ENTRADA PARA ELEMENTOS AGREGADOS (KOHA) | |
| Fuente de clasificación o esquema de ordenación en estanterías | Dewey Decimal Classification |
| Koha [por defecto] tipo de item | Libros |
| Suprimido | Estado de pérdida | Fuente de clasificación o esquema de ordenación en estanterías | Estropeado | No para préstamo | Código de colección | Localización permanente | Localización actual | Localización en estanterías | Fecha de adquisición | Préstamos totales | Renovaciones totales | Código de barras | Fecha última consulta | Fecha último préstamo | Fecha del precio de reemplazo | Tipo de item de Koha |
|---|---|---|---|---|---|---|---|---|---|---|---|---|---|---|---|---|
| Dewey Decimal Classification | Colección General | Biblioteca Central | Biblioteca Central | Colección General | 27/02/2026 | 2 | 2 | 3563000054700 | 30/04/2026 | 01/04/2026 | 27/02/2026 | Libros |